[Event "2. Bundesliga Ost 2016/2017"]
[Site "alle Wien"]
[Date "2016.11.13"]
[Round "4"]
[Board "5"]
[White "Miazhynski, Yuri"]
[Black "Trippold, Denise"]
[Result "0-1"]
[WhiteElo "2059"]
[BlackElo "2088"]
[PlyCount "86"]
[EventDate "2016.10.15"]
[EventType "team"]
[EventRounds "11"]
[EventCountry "AUT"]
[WhiteTeam "SZ Favoriten"]
[BlackTeam "SK Advisory Invest Baden"]

1. e4 c5 2. Nf3 e6 3. d4 cxd4 4. Nxd4 Nc6 5. Nc3 Qc7 6. Be2 a6 7. a4 Nf6 8. O-O
Bb4 9. Nxc6 bxc6 10. Bd3 O-O 11. f4 e5 12. Kh1 exf4 13. Bxf4 Bd6 14. Bxd6 Qxd6
15. Bc4 Qc5 16. Bb3 d6 17. Qd3 Be6 18. Rad1 Bxb3 19. cxb3 Ng4 20. Rd2 Qg5 21.
Rf5 Qh6 22. h3 Qh4 23. Kg1 Ne5 24. Qe3 Rfd8 25. Ne2 Rab8 26. Nd4 Rb4 27. Nf3
Nxf3+ 28. gxf3 Rxb3 29. Qxb3 Qe1+ 30. Kg2 Qxd2+ 31. Kg3 Qe1+ 32. Kg2 Qd2+ 33.
Kg3 d5 34. Qb7 f6 35. exd5 cxd5 36. Qe7 Rb8 37. Qe6+ Kh8 38. Rxd5 Qb4 39. Rd7
h6 40. Qf7 Qe1+ 41. Kg4 Rb4+ 42. f4 Qe2+ 43. Kf5 Qe4+ 0-1

[Event "2. Bundesliga Ost 2016/2017"]
[Site "alle Wien"]
[Date "2016.11.13"]
[Round "4"]
[Board "6"]
[White "Hofegger, Jakob"]
[Black "Albadri, Samer"]
[Result "1-0"]
[WhiteElo "2072"]
[BlackElo "1956"]
[PlyCount "87"]
[EventDate "2016.10.15"]
[EventType "team"]
[EventRounds "11"]
[EventCountry "AUT"]
[WhiteTeam "SK Advisory Invest Baden"]
[BlackTeam "SZ Favoriten"]

1. Nf3 d5 2. g3 c6 3. Bg2 Nf6 4. O-O Bf5 5. d3 h6 6. Nbd2 e6 7. b3 Be7 8. Bb2
O-O 9. Qe1 c5 10. e4 Bh7 11. Ne5 Nfd7 12. Nxd7 Qxd7 13. Qe2 Nc6 14. Qg4 d4 15.
a4 Rad8 16. f4 e5 17. f5 Bg5 18. Nc4 Nb4 19. Qe2 Rfe8 20. Rf2 Kh8 21. h4 Bf6
22. Ba3 b6 23. Bf1 Rb8 24. Rh2 g6 25. fxg6 fxg6 26. Bh3 Qe7 27. Rf1 a6 28. Rhf2
Rf8 29. a5 b5 30. Nb6 Rbd8 31. Bxb4 cxb4 32. Nd5 Rxd5 33. exd5 Bg8 34. Bg2 Kg7
35. Be4 g5 36. hxg5 hxg5 37. Rh2 Rf7 38. Qh5 Kf8 39. Bg6 Ke8 40. Bxf7+ Bxf7 41.
Qh6 e4 42. Qxf6 Qxf6 43. Rxf6 exd3 44. Rxf7 1-0

[Event "2. Bundesliga Ost 2016/2017"]
[Site "alle Wien"]
[Date "2016.11.13"]
[Round "4"]
[Board "1"]
[White "Markos, Jan"]
[Black "Mazur, Stefan"]
[Result "1-0"]
[WhiteElo "2572"]
[BlackElo "2446"]
[PlyCount "67"]
[EventDate "2016.10.15"]
[EventType "team"]
[EventRounds "11"]
[EventCountry "AUT"]
[WhiteTeam "ASVOE Pamhagen"]
[BlackTeam "SK Austria"]

1. Nf3 Nf6 2. g3 g6 3. Bg2 Bg7 4. O-O O-O 5. d4 d6 6. c4 Nc6 7. d5 Na5 8. Na3
c5 9. Re1 a6 10. e4 e5 11. Rb1 b6 12. Nd2 Bh6 13. b3 Bd7 14. Bb2 b5 15. Rf1 Nh5
16. Qe2 b4 17. Nc2 Nb7 18. Ne1 a5 19. a4 bxa3 20. Bxa3 a4 21. b4 cxb4 22. Rxb4
Qc7 23. Nd3 Nc5 24. Rfb1 Nf6 25. Nxc5 Qxc5 26. Nf3 Rfc8 27. Qb2 Nxe4 28. Rb7
Qxc4 29. Rxd7 Rcb8 30. Qxb8+ Rxb8 31. Rxb8+ Kg7 32. Nxe5 dxe5 33. Bf8+ Kf6 34.
Bxh6 1-0

[Event "2. Bundesliga Ost 2016/2017"]
[Site "alle Wien"]
[Date "2016.11.13"]
[Round "4"]
[Board "2"]
[White "Hangweyrer, Manfred"]
[Black "Lipka, Juraj"]
[Result "1/2-1/2"]
[WhiteElo "2384"]
[BlackElo "2421"]
[PlyCount "80"]
[EventDate "2016.10.15"]
[EventType "team"]
[EventRounds "11"]
[EventCountry "AUT"]
[WhiteTeam "SK Austria"]
[BlackTeam "ASVOE Pamhagen"]

1. Nf3 d5 2. d4 Nf6 3. e3 g6 4. c4 Bg7 5. Nc3 O-O 6. cxd5 Nxd5 7. Bc4 Nxc3 8.
bxc3 c5 9. O-O Nd7 10. a4 b6 11. Ba3 Bb7 12. Qe2 e5 13. Rfd1 Qc7 14. Bb5 e4 15.
Nd2 Rfd8 16. Qg4 Nf6 17. Qg3 Qxg3 18. hxg3 cxd4 19. cxd4 Nd5 20. Rac1 Rac8 21.
Nxe4 Nxe3 22. fxe3 Bxe4 23. Be7 Rxc1 24. Rxc1 Ra8 25. Kf2 Bd5 26. Rc7 Bf8 27.
Bf6 a6 28. Bc6 Bxc6 29. Rxc6 b5 30. axb5 axb5 31. d5 Bg7 32. Bxg7 Kxg7 33. Rb6
f5 34. Rxb5 Kf6 35. Rb7 Rd8 36. Rxh7 Rxd5 37. Kf3 Rd2 38. Ra7 g5 39. Ra6+ Ke5
40. Ra5+ Kf6 1/2-1/2

[Event "2. Bundesliga Ost 2016/2017"]
[Site "alle Wien"]
[Date "2016.11.13"]
[Round "4"]
[Board "3"]
[White "Horvath, Dominik"]
[Black "Druckenthaner, Andreas"]
[Result "1/2-1/2"]
[WhiteElo "2269"]
[BlackElo "2267"]
[PlyCount "56"]
[EventDate "2016.10.15"]
[EventType "team"]
[EventRounds "11"]
[EventCountry "AUT"]
[WhiteTeam "ASVOE Pamhagen"]
[BlackTeam "SK Austria"]

1. Nf3 f5 2. c4 Nf6 3. Nc3 d6 4. d4 e6 5. g3 Be7 6. Bg2 O-O 7. O-O Ne4 8. Nxe4
fxe4 9. Nd2 d5 10. f3 Nc6 11. fxe4 Rxf1+ 12. Nxf1 dxc4 13. Be3 a6 14. Rc1 b5
15. e5 Bd7 16. h4 Rb8 17. a3 Na5 18. Nd2 Bc6 19. Bf2 Bxg2 20. Kxg2 c5 21. dxc5
Qc7 22. b4 cxb3 23. Nxb3 Nc4 24. Qd4 Qc6+ 25. Kg1 Rd8 26. Qf4 Rf8 27. Qd4 Rd8
28. Qf4 Rf8 1/2-1/2

[Event "2. Bundesliga Ost 2016/2017"]
[Site "alle Wien"]
[Date "2016.11.13"]
[Round "4"]
[Board "4"]
[White "Higatsberger, Michael"]
[Black "Vitouch, Anatol"]
[Result "0-1"]
[WhiteElo "2159"]
[BlackElo "2320"]
[PlyCount "36"]
[EventDate "2016.10.15"]
[EventType "team"]
[EventRounds "11"]
[EventCountry "AUT"]
[WhiteTeam "SK Austria"]
[BlackTeam "ASVOE Pamhagen"]

1. e4 c5 2. Nf3 g6 3. Bc4 Bg7 4. c3 e6 5. O-O Ne7 6. d4 cxd4 7. Nxd4 d5 8. Bb5+
Bd7 9. exd5 Nxd5 10. Qe2 O-O 11. Rd1 Qb6 12. Bxd7 Nxd7 13. Na3 Rac8 14. Nac2
Ne5 15. Ne3 Nf4 16. Qf1 Rfd8 17. g3 Nd5 18. Rb1 Nxc3 0-1

[Event "2. Bundesliga Ost 2016/2017"]
[Site "alle Wien"]
[Date "2016.11.13"]
[Round "4"]
[Board "5"]
[White "Alvir, Aco"]
[Black "Rogetzer, Klaus"]
[Result "1-0"]
[WhiteElo "2359"]
[BlackElo "2055"]
[PlyCount "59"]
[EventDate "2016.10.15"]
[EventType "team"]
[EventRounds "11"]
[EventCountry "AUT"]
[WhiteTeam "ASVOE Pamhagen"]
[BlackTeam "SK Austria"]

1. e4 d5 2. exd5 Qxd5 3. Nc3 Qd8 4. d4 Nf6 5. Nf3 Bg4 6. h3 Bxf3 7. Qxf3 c6 8.
Bf4 e6 9. O-O-O Bd6 10. Be5 Bb4 11. Ne4 Nxe4 12. Qxe4 Qa5 13. Kb1 Bf8 14. Qf4
Na6 15. Bc4 Rd8 16. Rhe1 Rd7 17. Qg4 h5 18. Qf3 Rh6 19. Bb3 h4 20. c4 Bb4 21.
Re4 Be7 22. Bxg7 Rg6 23. Be5 Qb6 24. Rg4 Bg5 25. Re4 Qd8 26. Rde1 Bf6 27. Bc2
Rh6 28. Bf4 Bg5 29. Be5 Nc7 30. Bg7 1-0

[Event "2. Bundesliga Ost 2016/2017"]
[Site "alle Wien"]
[Date "2016.11.13"]
[Round "4"]
[Board "6"]
[White "Iro, Christian"]
[Black "Prinzjakowitsch, Bernhard"]
[Result "0-1"]
[WhiteElo "1947"]
[BlackElo "2180"]
[PlyCount "92"]
[EventDate "2016.10.15"]
[EventType "team"]
[EventRounds "11"]
[EventCountry "AUT"]
[WhiteTeam "SK Austria"]
[BlackTeam "ASVOE Pamhagen"]

1. e4 c5 2. Nf3 Nc6 3. d4 cxd4 4. Nxd4 Qb6 5. Nb3 Nf6 6. Nc3 e6 7. Be3 Qc7 8.
a3 a6 9. f4 d6 10. Be2 Be7 11. O-O b5 12. Bf3 Bb7 13. Qe2 h5 14. Rad1 Rc8 15.
Kh1 g6 16. Rg1 Nd7 17. Rge1 Nb6 18. Bxb6 Qxb6 19. Nd5 Qd8 20. Nxe7 Qxe7 21. Qd3
Rd8 22. Qc3 O-O 23. Nd4 Rc8 24. Nxc6 Rxc6 25. Qd2 Rfc8 26. c3 Kh7 27. Re3 Rd8
28. Qe2 Qh4 29. e5 Rb6 30. Bxb7 Rxb7 31. exd6 Qxf4 32. Qf3 Qxf3 33. Rxf3 Kg7
34. b3 Rbd7 35. Rfd3 Rc8 36. Rc1 Rc6 37. Rcd1 f5 38. Kg1 Kf6 39. h4 e5 40. Kf2
e4 41. Re3 Ke5 42. g3 Rdxd6 43. Rxd6 Kxd6 44. Ke2 Ke5 45. Kd2 Kf6 46. Ke2 g5
 0-1

[Event "2. Bundesliga Ost 2016/2017"]
[Site "alle Wien"]
[Date "2016.12.03"]
[Round "5"]
[Board "1"]
[White "Pacher, Milan"]
[Black "Weinzettl, Ernst"]
[Result "1-0"]
[WhiteElo "2493"]
[BlackElo "2274"]
[PlyCount "57"]
[EventDate "2016.10.15"]
[EventType "team"]
[EventRounds "11"]
[EventCountry "AUT"]
[WhiteTeam "SK Austria"]
[BlackTeam "ASVOE VHS Poechlarn"]

1. e4 e6 2. d3 d5 3. Nd2 c5 4. Ngf3 Nc6 5. g3 Nf6 6. Bg2 g6 7. O-O Bg7 8. exd5
Nxd5 9. Nb3 b6 10. c4 Nde7 11. d4 cxd4 12. Nfxd4 Bd7 13. Bg5 f6 14. Be3 O-O 15.
Qe2 e5 16. Nb5 Qc8 17. c5 Qa6 18. Qc4+ Kh8 19. a4 Rac8 20. Rfd1 Be8 21. Bf1 Nf5
22. Nd6 Qxc4 23. Bxc4 Nxd6 24. Rxd6 bxc5 25. Nxc5 Nd4 26. Bxd4 exd4 27. Ne6 Bf7
28. Nxf8 Bxf8 29. Ba6 1-0

[Event "2. Bundesliga Ost 2016/2017"]
[Site "alle Wien"]
[Date "2016.12.03"]
[Round "5"]
[Board "2"]
[White "Loeffler, Stefan"]
[Black "Mazur, Stefan"]
[Result "0-1"]
[WhiteElo "2378"]
[BlackElo "2446"]
[PlyCount "91"]
[EventDate "2016.10.15"]
[EventType "team"]
[EventRounds "11"]
[EventCountry "AUT"]
[WhiteTeam "ASVOE VHS Poechlarn"]
[BlackTeam "SK Austria"]

1. d4 Nf6 2. c4 g6 3. Nc3 Bg7 4. e4 d6 5. Nf3 O-O 6. Be2 e5 7. Bg5 h6 8. Bh4
exd4 9. Nxd4 Nc6 10. Nxc6 bxc6 11. Qc2 Qe8 12. O-O Rb8 13. Rab1 Nd7 14. Bg3 Nc5
15. b4 Ne6 16. Bd3 Qe7 17. Kh1 h5 18. h3 h4 19. Bh2 Nd4 20. Qc1 Nf3 21. gxf3
Qf6 22. f4 Qxc3 23. Qxc3 Bxc3 24. Rb3 Bxh3 25. Rxc3 Bxf1 26. Bxf1 Rxb4 27. Kg2
Ra4 28. a3 Rb8 29. e5 d5 30. f5 gxf5 31. Rh3 Rb2 32. Bf4 dxc4 33. e6 fxe6 34.
Be5 Rb5 35. f4 Rc5 36. Rc3 Kf7 37. Kh3 Ke7 38. Kxh4 Kd7 39. Kg5 Rca5 40. Bxc4
Rxa3 41. Rc1 Ke7 42. Be2 Rg3+ 43. Kh4 Raa3 44. Bh5 Rh3+ 45. Kg5 Rag3+ 46. Kh6
 0-1

[Event "2. Bundesliga Ost 2016/2017"]
[Site "alle Wien"]
[Date "2016.12.03"]
[Round "5"]
[Board "3"]
[White "Hangweyrer, Manfred"]
[Black "Ganaus, Hannes"]
[Result "1/2-1/2"]
[WhiteElo "2384"]
[BlackElo "2277"]
[PlyCount "36"]
[EventDate "2016.10.15"]
[EventType "team"]
[EventRounds "11"]
[EventCountry "AUT"]
[WhiteTeam "SK Austria"]
[BlackTeam "ASVOE VHS Poechlarn"]

1. Nf3 Nf6 2. c4 g6 3. b3 Bg7 4. Bb2 O-O 5. g3 d6 6. d4 c5 7. Bg2 Qa5+ 8. Qd2
Qxd2+ 9. Nbxd2 Nc6 10. O-O cxd4 11. Nxd4 Bd7 12. Rad1 Rfc8 13. N2f3 a6 14. Nxc6
Bxc6 15. Bh3 Bd7 16. Bg2 Bc6 17. Bh3 Bd7 18. Bg2 Bc6 1/2-1/2

[Event "2. Bundesliga Ost 2016/2017"]
[Site "alle Wien"]
[Date "2016.12.03"]
[Round "5"]
[Board "4"]
[White "Ernst, Michael"]
[Black "Theissl-Pokorna, Regina"]
[Result "1/2-1/2"]
[WhiteElo "2071"]
[BlackElo "2324"]
[PlyCount "121"]
[EventDate "2016.10.15"]
[EventType "team"]
[EventRounds "11"]
[EventCountry "AUT"]
[WhiteTeam "ASVOE VHS Poechlarn"]
[BlackTeam "SK Austria"]

1. d4 Nf6 2. Bf4 g6 3. Nf3 Bg7 4. h3 b6 5. e3 Bb7 6. Nbd2 d6 7. Bd3 Nbd7 8. e4
Nh5 9. Bg5 h6 10. Be3 e5 11. g3 O-O 12. O-O Qf6 13. Re1 Rad8 14. c3 Rfe8 15.
Nh2 Kh7 16. Be2 exd4 17. Bxd4 Ne5 18. Bxh5 gxh5 19. Qxh5 c5 20. Ng4 Qg6 21.
Qxg6+ fxg6 22. Bxe5 dxe5 23. Rad1 h5 24. Ne3 Bh6 25. Nd5 Bxd5 26. exd5 Rxd5 27.
Ne4 Rxd1 28. Rxd1 Re7 29. b3 Kg7 30. Kf1 Kf7 31. Ke2 Rc7 32. a4 Bf8 33. Rd5 Ke6
34. c4 Be7 35. Kf3 Rc8 36. Ke2 a6 37. f3 b5 38. axb5 axb5 39. Ke3 bxc4 40. bxc4
Rc7 41. Nf2 Bd6 42. Ke4 h4 43. g4 Ra7 44. Nd3 Ra1 45. f4 exf4 46. Nxf4+ Bxf4
47. Kxf4 Ra3 48. Rxc5 Rxh3 49. Rc6+ Kf7 50. Kg5 Rh1 51. Rc7+ Kf8 52. Kxg6 Rc1
53. Rc8+ Ke7 54. Rh8 Rxc4 55. g5 Rf4 56. Rh5 Kf8 57. Kh7 Rf7+ 58. Kh6 Kg8 59.
g6 Rf4 60. Kg5 Ra4 61. Kh6 1/2-1/2

[Event "2. Bundesliga Ost 2016/2017"]
[Site "alle Wien"]
[Date "2016.12.03"]
[Round "5"]
[Board "5"]
[White "Druckenthaner, Andreas"]
[Black "Schweitzer, Werner"]
[Result "1-0"]
[WhiteElo "2267"]
[BlackElo "2026"]
[PlyCount "111"]
[EventDate "2016.10.15"]
[EventType "team"]
[EventRounds "11"]
[EventCountry "AUT"]
[WhiteTeam "SK Austria"]
[BlackTeam "ASVOE VHS Poechlarn"]

1. e4 c6 2. d4 d5 3. Nc3 dxe4 4. Nxe4 Nd7 5. Ng5 Ngf6 6. Bd3 e6 7. N1f3 Bd6 8.
Qe2 h6 9. Ne4 Nxe4 10. Qxe4 Qc7 11. O-O b6 12. Qe2 Bb7 13. Ba6 Bxa6 14. Qxa6 b5
15. Bd2 Qb6 16. Qxb6 axb6 17. a3 O-O 18. Bb4 c5 19. dxc5 bxc5 20. Rfd1 Ra6 21.
Bc3 Rfa8 22. Rab1 b4 23. axb4 cxb4 24. Bxb4 Bxb4 25. Rxd7 Ra1 26. Rdd1 Rxb1 27.
Rxb1 Rb8 28. Ne5 Bc3 29. Nd3 e5 30. Kf1 e4 31. Nc5 Bxb2 32. Nxe4 Be5 33. Rxb8+
Bxb8 34. h3 Kf8 35. Ke2 Ke7 36. Kd3 Ke6 37. Nc5+ Kd5 38. Nb3 Ba7 39. f4 f5 40.
c4+ Ke6 41. Nd4+ Kf6 42. Nc6 Bg1 43. Nd4 Bf2 44. c5 g6 45. c6 Ke7 46. Nb5 Bg3
47. Ke3 g5 48. fxg5 hxg5 49. Kd4 Ke6 50. Kc5 Be5 51. Nd4+ Kf6 52. Kd5 g4 53.
hxg4 fxg4 54. Nb5 Bb8 55. c7 Bxc7 56. Nxc7 1-0

[Event "2. Bundesliga Ost 2016/2017"]
[Site "alle Wien"]
[Date "2016.12.03"]
[Round "5"]
[Board "6"]
[White "Lammer, Stefan"]
[Black "Higatsberger, Michael"]
[Result "0-1"]
[WhiteElo "2070"]
[BlackElo "2159"]
[PlyCount "70"]
[EventDate "2016.10.15"]
[EventType "team"]
[EventRounds "11"]
[EventCountry "AUT"]
[WhiteTeam "ASVOE VHS Poechlarn"]
[BlackTeam "SK Austria"]

1. e4 d5 2. exd5 Qxd5 3. Nf3 Bg4 4. Be2 Nc6 5. d4 O-O-O 6. Be3 e5 7. c4 Qa5+ 8.
Bd2 Bb4 9. d5 Bxf3 10. Bxf3 Nd4 11. Nc3 Qa6 12. Be2 Nf6 13. a3 Rhe8 14. Rc1
Bxc3 15. Bxc3 c5 16. Bxd4 exd4 17. O-O Kb8 18. Re1 Ne4 19. Qd3 Qf6 20. Bf3 Ng5
21. Be4 Qf4 22. f3 Nxe4 23. fxe4 Re5 24. Rc2 f5 25. Rf1 Qxe4 26. Qg3 Qe3+ 27.
Rcf2 Qxg3 28. hxg3 g6 29. b4 Rc8 30. Rf4 Re4 31. d6 Rxf4 32. Rxf4 b6 33. bxc5
bxc5 34. g4 fxg4 35. Rf7 Rd8 0-1

[Event "2. Bundesliga Ost 2016/2017"]
[Site "alle Wien"]
[Date "2016.12.03"]
[Round "5"]
[Board "1"]
[White "Jankovic, Alojzije"]
[Black "Lipka, Juraj"]
[Result "1-0"]
[WhiteElo "2579"]
[BlackElo "2421"]
[PlyCount "53"]
[EventDate "2016.10.15"]
[EventType "team"]
[EventRounds "11"]
[EventCountry "AUT"]
[WhiteTeam "SK Advisory Invest Baden"]
[BlackTeam "ASVOE Pamhagen"]

1. d4 d5 2. c4 c6 3. Nf3 e6 4. Nc3 dxc4 5. a4 Nf6 6. e4 Bb4 7. e5 Nd5 8. Bd2 b5
9. h4 Nxc3 10. bxc3 Be7 11. Ng5 h6 12. Ne4 Qd5 13. Qg4 h5 14. Qf4 Na6 15. Be2
Qd7 16. Ng5 Bxg5 17. Qxg5 g6 18. Qf6 Rg8 19. axb5 cxb5 20. Bf3 Nc7 21. Bg5 Nd5
22. Bxd5 exd5 23. Ra5 Bb7 24. Rxb5 Bc6 25. Rc5 Rc8 26. O-O Qe6 27. Rxc6 1-0

[Event "2. Bundesliga Ost 2016/2017"]
[Site "alle Wien"]
[Date "2016.12.03"]
[Round "5"]
[Board "2"]
[White "Horvath, Dominik"]
[Black "Trippold, Denise"]
[Result "1-0"]
[WhiteElo "2269"]
[BlackElo "2088"]
[PlyCount "81"]
[EventDate "2016.10.15"]
[EventType "team"]
[EventRounds "11"]
[EventCountry "AUT"]
[WhiteTeam "ASVOE Pamhagen"]
[BlackTeam "SK Advisory Invest Baden"]

1. Nf3 c5 2. c4 Nc6 3. Nc3 g6 4. e3 Nf6 5. d4 cxd4 6. exd4 d5 7. cxd5 Nxd5 8.
Qb3 e6 9. Bb5 Bg7 10. O-O O-O 11. Bxc6 bxc6 12. Na4 Ba6 13. Re1 Rb8 14. Qa3 Nb4
15. Nc5 Rb6 16. Qc3 Qc7 17. a3 Nd5 18. Qa5 Bc8 19. Ne5 Rd8 20. Bd2 Qe7 21. Bc3
Bxe5 22. Rxe5 Rb5 23. Qa4 Nb6 24. Qc2 Nd7 25. Nxd7 Qxd7 26. Rae1 Ba6 27. Qa4
Rxe5 28. Rxe5 Bb5 29. Qa5 Rb8 30. Qb4 Qc7 31. Qc5 Qb6 32. Qe7 Qd8 33. Qxa7 Ra8
34. Qc5 Qf6 35. h3 Qf4 36. Re3 Rd8 37. Qe7 Rd5 38. Rf3 Qc1+ 39. Kh2 f5 40. Bb4
Qh6 41. Qe8+ 1-0

[Event "2. Bundesliga Ost 2016/2017"]
[Site "alle Wien"]
[Date "2016.12.03"]
[Round "5"]
[Board "3"]
[White "Hofegger, Jakob"]
[Black "Vitouch, Anatol"]
[Result "0-1"]
[WhiteElo "2072"]
[BlackElo "2320"]
[PlyCount "68"]
[EventDate "2016.10.15"]
[EventType "team"]
[EventRounds "11"]
[EventCountry "AUT"]
[WhiteTeam "SK Advisory Invest Baden"]
[BlackTeam "ASVOE Pamhagen"]

1. Nf3 c5 2. g3 g6 3. Bg2 Bg7 4. O-O Nc6 5. d3 e5 6. e4 Nge7 7. c3 O-O 8. a3 d6
9. b4 b6 10. Bb2 Bb7 11. Nbd2 Qd7 12. Re1 h6 13. Qb3 Kh7 14. Nc4 f5 15. b5 Nd8
16. a4 f4 17. a5 Qc7 18. axb6 axb6 19. Rxa8 Bxa8 20. d4 Nf7 21. d5 g5 22. Bh3
h5 23. Be6 Bf6 24. Qa4 Bb7 25. Qa7 Nc8 26. Bxc8 Qxc8 27. Nxb6 Qh3 28. Qxb7 g4
29. Qd7 h4 30. Kh1 hxg3 31. fxg3 fxg3 32. Qf5+ Kg7 33. Rg1 Rh8 34. Bc1 Qxh2+
 0-1

[Event "2. Bundesliga Ost 2016/2017"]
[Site "alle Wien"]
[Date "2016.12.03"]
[Round "5"]
[Board "4"]
[White "Alvir, Aco"]
[Black "Rudolf, Herbert"]
[Result "1-0"]
[WhiteElo "2359"]
[BlackElo "2110"]
[PlyCount "35"]
[EventDate "2016.10.15"]
[EventType "team"]
[EventRounds "11"]
[EventCountry "AUT"]
[WhiteTeam "ASVOE Pamhagen"]
[BlackTeam "SK Advisory Invest Baden"]

1. e4 d5 2. exd5 Nf6 3. Nf3 Nxd5 4. d4 g6 5. Bc4 Bg7 6. O-O O-O 7. c3 Nb6 8.
Bb3 c5 9. dxc5 Qxd1 10. Rxd1 N6d7 11. Bg5 e6 12. Be7 Re8 13. Bd6 Na6 14. Ba4
Rd8 15. b4 Nxb4 16. cxb4 Bxa1 17. Bc7 Re8 18. Bxd7 1-0

[Event "2. Bundesliga Ost 2016/2017"]
[Site "alle Wien"]
[Date "2016.12.03"]
[Round "5"]
[Board "5"]
[White "Perndl, Johann"]
[Black "Kuthan, Andreas"]
[Result "0-1"]
[WhiteElo "2006"]
[BlackElo "2208"]
[PlyCount "70"]
[EventDate "2016.10.15"]
[EventType "team"]
[EventRounds "11"]
[EventCountry "AUT"]
[WhiteTeam "SK Advisory Invest Baden"]
[BlackTeam "ASVOE Pamhagen"]

1. e4 e6 2. d4 d5 3. Nd2 c5 4. Ngf3 cxd4 5. Nxd4 Nc6 6. Nxc6 bxc6 7. Bd3 Bd6 8.
Qe2 Qc7 9. exd5 cxd5 10. Nf3 Nf6 11. O-O O-O 12. Re1 Re8 13. Ne5 Ne4 14. Bxe4
dxe4 15. Qxe4 Bb7 16. Qe2 Rad8 17. h3 Bxe5 18. Qxe5 Qxe5 19. Rxe5 Rd1+ 20. Kh2
Red8 21. Rb5 R8d7 22. b3 f6 23. Rc5 Rf1 24. f3 h5 25. Bb2 Rf2 26. Kg3 Rdd2 27.
Rg1 h4+ 28. Kxh4 Rxg2 29. Rxg2 Rxg2 30. f4 Bf3 31. Bc1 e5 32. f5 Be4 33. Rc3
Bxf5 34. Rf3 Bxc2 35. Be3 g5+ 0-1

[Event "2. Bundesliga Ost 2016/2017"]
[Site "alle Wien"]
[Date "2016.12.03"]
[Round "5"]
[Board "6"]
[White "Eder, Martin"]
[Black "Varga, Johannes"]
[Result "1/2-1/2"]
[WhiteElo "2165"]
[BlackElo "1827"]
[PlyCount "190"]
[EventDate "2016.10.15"]
[EventType "team"]
[EventRounds "11"]
[EventCountry "AUT"]
[WhiteTeam "ASVOE Pamhagen"]
[BlackTeam "SK Advisory Invest Baden"]

1. d4 e6 2. c4 f5 3. Nc3 Nf6 4. Nf3 Bb4 5. Bd2 d6 6. e3 O-O 7. Bd3 Qe8 8. Qc2
Nc6 9. a3 Bxc3 10. Bxc3 Ne7 11. O-O-O a6 12. Nd2 b5 13. f3 Bd7 14. Ba5 c5 15.
dxc5 dxc5 16. Bc3 a5 17. Bxf6 Rxf6 18. cxb5 Bxb5 19. Bxb5 Qxb5 20. Qc4 Qb6 21.
Qb3 Qc7 22. Nc4 Nc6 23. g3 Rff8 24. Rd6 Rab8 25. Qc3 e5 26. Rhd1 Rbd8 27. Rxd8
Rxd8 28. Rxd8+ Qxd8 29. Nxe5 Nxe5 30. Qxe5 Qc8 31. Kc2 h6 32. Qd5+ Kh8 33. Kc3
Qf8 34. Kc4 Qf6 35. Qxc5 Qxb2 36. Qf8+ Kh7 37. Qxf5+ Kh8 38. Qf8+ Kh7 39. h4
Qe2+ 40. Kd4 Qb2+ 41. Ke4 Qc2+ 42. Kf4 Qc7+ 43. Kg4 h5+ 44. Kxh5 Qxg3 45. Qf7
Qe5+ 46. Kg4 Qxe3 47. Qf5+ Kh8 48. Qh5+ Kg8 49. Qxa5 Qe6+ 50. Qf5 Qc4+ 51. Qe4
Qc8+ 52. Kg3 Qc7+ 53. Qf4 Qc5 54. a4 Qg1+ 55. Kh3 Qh1+ 56. Kg4 Qg2+ 57. Kf5
Qc2+ 58. Qe4 Qc5+ 59. Ke6 Qb6+ 60. Kd5 Qa5+ 61. Kc6 Qa6+ 62. Kc7 Qa7+ 63. Kd6
Qb8+ 64. Kd7 Qa7+ 65. Kc6 Qa6+ 66. Kc7 Qa7+ 67. Kd6 Qb8+ 68. Kc5 Qa7+ 69. Kb5
Qb8+ 70. Ka6 Qd6+ 71. Kb7 Qd7+ 72. Ka6 Qd6+ 73. Kb5 Qb8+ 74. Kc4 Qc7+ 75. Kd3
Qd8+ 76. Kc3 Kh8 77. Qd4 Qc7+ 78. Kd3 Qf7 79. Ke3 Qb3+ 80. Kf4 Qf7+ 81. Kg3
Qg6+ 82. Qg4 Qf6 83. h5 Qc3 84. Qe4 Qc5 85. Qe8+ Kh7 86. Kg4 Qg1+ 87. Kf5 Qc5+
88. Qe5 Qf8+ 89. Kg4 Kg8 90. a5 Qb4+ 91. f4 Qb7 92. Qe8+ Kh7 93. Qg6+ Kh8 94.
a6 Qg2+ 95. Kf5 Qd5+ 1/2-1/2

[Event "2. Bundesliga Ost 2016/2017"]
[Site "alle Wien"]
[Date "2016.12.03"]
[Round "5"]
[Board "1"]
[White "Juhasz, Armin"]
[Black "Rubil, Marko"]
[Result "0-1"]
[WhiteElo "2388"]
[BlackElo "2306"]
[PlyCount "114"]
[EventDate "2016.10.15"]
[EventType "team"]
[EventRounds "11"]
[EventCountry "AUT"]
[WhiteTeam "SK Sparkasse Bad Voeslau"]
[BlackTeam "SZ Favoriten"]

1. d4 d5 2. c4 c6 3. Nf3 Nf6 4. Nc3 dxc4 5. a4 Bf5 6. Ne5 Na6 7. e3 e6 8. Bxc4
Nb4 9. O-O Bd6 10. Qf3 Qc7 11. e4 Bg6 12. Bf4 Bh5 13. Qg3 O-O-O 14. Rac1 a6 15.
Qxg7 Nd7 16. Qg5 Bg6 17. Nxg6 hxg6 18. e5 Bf8 19. Ne4 Nb6 20. Qf6 Rh7 21. Nd6+
Kb8 22. Bg5 Rd7 23. Qf3 Bxd6 24. exd6 Qc8 25. Rfe1 Nxc4 26. Rxc4 Nd5 27. Qg3
Qf8 28. Be7 Qh6 29. Bg5 Qh5 30. h3 Rh8 31. Rc5 Re8 32. b3 Qh8 33. Rc4 f6 34.
Bd2 g5 35. b4 Nb6 36. Rcc1 Nxa4 37. Qb3 Nb6 38. Rxe6 Rxe6 39. Qxe6 Qd8 40. Re1
Rxd6 41. Qf7 Rd7 42. Qh5 Re7 43. Be3 Nd5 44. h4 gxh4 45. Qxh4 Qd6 46. Bd2 Ka7
47. Rb1 Re2 48. Qh6 Qe6 49. Rd1 Qf5 50. Be1 Nf4 51. Qf8 Nd3 52. b5 Rxe1+ 53.
Rxe1 Qxf2+ 54. Kh2 Qh4+ 55. Kg1 Qxe1+ 56. Kh2 Qh4+ 57. Kg1 Qxd4+ 0-1

[Event "2. Bundesliga Ost 2016/2017"]
[Site "alle Wien"]
[Date "2016.12.03"]
[Round "5"]
[Board "2"]
[White "Ivancsics, Michael"]
[Black "Juhasz, Kristof"]
[Result "0-1"]
[WhiteElo "2231"]
[BlackElo "2401"]
[PlyCount "54"]
[EventDate "2016.10.15"]
[EventType "team"]
[EventRounds "11"]
[EventCountry "AUT"]
[WhiteTeam "SZ Favoriten"]
[BlackTeam "SK Sparkasse Bad Voeslau"]

1. d4 e6 2. c4 f5 3. Nc3 Nf6 4. Nf3 Bb4 5. Qb3 a5 6. e3 b6 7. Be2 Bb7 8. O-O
Bxc3 9. Qxc3 O-O 10. b3 d6 11. Bb2 Nbd7 12. a3 Ne4 13. Qc2 c5 14. b4 Ng5 15.
Ne1 cxd4 16. exd4 axb4 17. axb4 Rxa1 18. Bxa1 Nh3+ 19. Kh1 Nf4 20. Bf3 Qa8 21.
Bxb7 Qxb7 22. Qd2 g5 23. f3 Qa6 24. Nc2 Qxc4 25. Re1 Rc8 26. Ne3 Qd3 27. Qa2
Qxe3 0-1

[Event "2. Bundesliga Ost 2016/2017"]
[Site "alle Wien"]
[Date "2016.12.03"]
[Round "5"]
[Board "3"]
[White "Plachetka, Jan"]
[Black "Steiner, Bruno"]
[Result "1-0"]
[WhiteElo "2354"]
[BlackElo "2166"]
[PlyCount "95"]
[EventDate "2016.10.15"]
[EventType "team"]
[EventRounds "11"]
[EventCountry "AUT"]
[WhiteTeam "SK Sparkasse Bad Voeslau"]
[BlackTeam "SZ Favoriten"]

1. d4 d5 2. c4 e6 3. Nf3 Nf6 4. g3 Be7 5. Bg2 O-O 6. O-O dxc4 7. Qc2 a6 8. a4
Bd7 9. Qxc4 Bc6 10. Bg5 h6 11. Bxf6 Bxf6 12. Nc3 Bd5 13. Nxd5 exd5 14. Qb3 Ra7
15. Rfd1 c6 16. Ne5 Bxe5 17. dxe5 Nd7 18. e4 dxe4 19. e6 Qb6 20. Qxb6 Nxb6 21.
exf7+ Rxf7 22. Bxe4 Ra8 23. a5 Nc4 24. Bc2 b5 25. axb6 Nxb6 26. Rd6 Rf6 27.
Rxf6 gxf6 28. Be4 Nd5 29. Rc1 Re8 30. Bf3 Nb4 31. Bxc6 Re2 32. b3 Kg7 33. Bf3
Rd2 34. Rc7+ Kg6 35. h4 f5 36. h5+ Kg5 37. Rg7+ Kf6 38. Rg6+ Ke5 39. Rxh6 Rd3
40. Be2 Rxb3 41. Bxa6 Nd5 42. Bc4 Rb1+ 43. Kg2 Nc3 44. Re6+ Kd4 45. Rc6 Ne4 46.
h6 Ng5 47. Bg8 Rb7 48. Rg6 1-0